000 00748nam a2200301Ia 4500
001 16269
005 20240113235704.0
007 ta
008 051216s1984 a g b000 u 465 u
040 _aCotton College Assam
041 _a465
082 _a549
_bSe 55 Ha
100 _aSen, Ajoy Kumar .
245 0 _aHand Book of Mineralogy /
_cAjoy Kumar Sen.
_hTextual Documents
250 _a1st ed. /
260 _aCalcutta :
_bModern Book Agency ,
_c1984.
300 _a229p. :
_bill ;
_c21cm .
504 _aIndex
653 _aGeology
653 _aG-Geology
653 _aMinerals
942 _2ddc
_cBK
999 _c16251
_d16251